| 000 | 00942nam a22002771 4500 | ||
|---|---|---|---|
| 001 | 2761 | ||
| 003 | BD-RjUL | ||
| 005 | 20211208233619.0 | ||
| 008 | 131217s1968 nyuach b 00100 eng | ||
| 035 | _a(BD-RjUL)2788 | ||
| 040 |
_aDLC _cDLC _dm.c. _dBOS _dBD-RjUL _beng |
||
| 041 | _aeng | ||
| 082 |
_219 _a331.0723 _bCLB 1968 |
||
| 090 |
_aHD8051.A4 _bF68 |
||
| 100 | 1 |
_aClague, Ewan, _d1896-1987. _98858 |
|
| 245 | 1 | 4 |
_aThe Bureau of Labor Statistics / _cEwan Clague. |
| 260 |
_aNew York : _bPraeger , _cc1968 |
||
| 300 |
_axv, 271 p. : _billus., facsim., ports. ; _c22 cm. |
||
| 350 | _a$6.95. | ||
| 490 | 0 | _aPraeger library of U.S. Government departments and agencies, no. 13. | |
| 504 | _aBibliography: p. 257-261 and index. | ||
| 610 | 1 | 0 |
_aUnited States. _bBureau of Labor Statistics. _98859 |
| 856 | _uhttp://www.worldcat.org/title/bureau-of-labor-statistics/oclc/272499&referer=brief_results | ||
| 942 |
_2ddc _cBK |
||
| 999 |
_c2761 _d2761 |
||